Personnages de Dragon Ball - Mort Subite - Statistiques

Statistiques générales
  • Ce quiz a été pris 1 453 fois
  • Le résultat moyen est 17 sur 21
Answers on the Grid
Answers color-coded by a green-red scale on the quiz's grid according to % correct below.
Vegeta
Son Goku
Son Gohan
Muten Roshi
Bulma
Pan
Freezer
Piccolo
Dendé
Chaozu
Yamcha
Tao Pai Pai
Général Blue
Bacterian
Buu
Cell
Krillin
Chichi
Oolong
Trunks
Lunch
Roronoa Zoro
Zangetsu
Ichigo Kurosaki
Gamabunta
Orochimaru
Shiryu
Joe Yabuki
Bright Noa
Kenpachi Zaraki
Mémé Turbo
Okarun
Hanamichi Sakuragi
Big Mom
Erza Scarlett
Nana Shimura
Mereoleona Vermillion
Gon Freecs
Meruem
Aiolia
 
Statistiques - réponses
Réponse % Correct
Son Goku
92%
Piccolo
91%
Bulma
90%
Cell
90%
Freezer
90%
Son Gohan
90%
Vegeta
90%
Chichi
89%
Krillin
89%
Trunks
89%
Buu
88%
Yamcha
88%
Pan
83%
Tao Pai Pai
82%
Chaozu
78%
Dendé
78%
Oolong
74%
Général Blue
65%
Lunch
65%
Muten Roshi
64%
Bacterian
38%
Aucun quiz correspondant
Distribution des résultats
% des personnes avec chaque résultat
Percentile par nombre de réponses
Votre historique - résultats
Vous n’avez pas pris ce quiz